INTRODUCTION TO FINANCIAL PLANNING (Record no. 18104)
[ view plain ]
| 000 -LEADER | |
|---|---|
| fixed length control field | 00383nam a2200133Ia 4500 |
| 008 - FIXED-LENGTH DATA ELEMENTS--GENERAL INFORMATION | |
| fixed length control field | 240624s9999 xx 000 0 und d |
| 041 ## - LANGUAGE CODE | |
| Language code of text/sound track or separate title | eng |
| 082 ## - DEWEY DECIMAL CLASSIFICATION NUMBER | |
| Classification number | 332 CFP |
| 100 ## - MAIN ENTRY--PERSONAL NAME | |
| Personal name | RNIS COLLEGE OF FINANCIAL PLANNING |
| 245 ## - TITLE STATEMENT | |
| Title | INTRODUCTION TO FINANCIAL PLANNING |
| 260 ## - PUBLICATION, DISTRIBUTION, ETC. | |
| Date of publication, distribution, etc. | 2010 |
| Place of publication, distribution, etc. | New Delhi |
| Name of publisher, distributor, etc. | RNIS College of Financial Planning |
| 300 ## - PHYSICAL DESCRIPTION | |
| Extent | vii, : 256 : p. : cm. ; 27 |
| 440 ## - SERIES STATEMENT/ADDED ENTRY--TITLE | |
| Volume/sequential designation | 5 |
| Withdrawn status | Lost status | Damaged status | Not for loan | Home library | Current library | Shelving location | Date acquired | Full call number | Barcode | Date last seen | Price effective from | Koha item type |
|---|---|---|---|---|---|---|---|---|---|---|---|---|
| IMTN | IMTN | Rack 9-A | 10/13/2011 | 332 CFP | 18104 | 06/24/2024 | 06/24/2024 | Books |